000 01297cam a22003011 4500
001 hew61000007
003 DLC
005 20260227111510.0
008 790912s1960 dcua f000 0 eng c
010 _ahew61000007
035 _a(OCoLC)5367222
040 _aU.S. Dept. of Health, Education, and Welfare. Library.
_cNUtSU
_dISS
_dOCoLC
_dDLC
042 _apremarc
050 0 0 _aLC1045
_b.A25 no. 288
082 _a371.426
086 0 _aFS 5.284:84009
100 1 _aKing, Sam Wilson,
_d1914-
245 1 0 _aOrganization and effective use of advisory committees.
260 _a[Washington]
_bU.S. Dept. of Health, Education, and Welfare, Office of Education
_c[1960]
300 _aix, 75 p.
_billus.
_c23 cm.
490 1 _aVocational Division bulletin
_vno. 288. Trade and industrial education series, no. 71
501 _aWith : Promoting programs of supervisory personnel development / Earl M. Bowler. Washington : U.S. Dept. of Health, Education, and Welfare. Office of Education, 1960. Bound together subsequent to publication.
_5DLC
504 _aBibliography: p.61.
650 0 _aVocational education.
650 0 _aTechnical education.
650 0 _aCitizens' advisory committees in education.
810 1 _aUnited States.
_bDivision of Vocational Education.
_tBulletin ;
_vno. 288.
999 _c34280
_d34280